From Miras to planetary nebulae- which path for stellar evolution? (Record no. 10125)

MARC details
000 -LEADER
fixed length control field 01055nam a2200241Ia 4500
003 - CONTROL NUMBER IDENTIFIER
control field IN-BaIIA
008 - FIXED-LENGTH DATA ELEMENTS--GENERAL INFORMATION
fixed length control field 211028s9999 xx 000 0 eng d
020 ## - INTERNATIONAL STANDARD BOOK NUMBER
International Standard Book Number 2-86332-077-7
040 ## - CATALOGING SOURCE
Transcribing agency IIA Library
080 ## - UNIVERSAL DECIMAL CLASSIFICATION NUMBER
Universal Decimal Classification number 524.37(082.2)
Item number FRO
111 ## - MAIN ENTRY--MEETING NAME
Meeting name or jurisdiction name as entry element International Colloquium in the Occasion of the 7th Centenary of the Universities of Montpellier
Location of meeting France
Date of meeting or treaty signing 1989 Sept. 4 - 7
9 (RLIN) 17153
245 #0 - TITLE STATEMENT
Title From Miras to planetary nebulae- which path for stellar evolution?
Remainder of title proceedings of the International colloquium in the occasion of the 7th centenary of the Universities of Montpellier, France, Sept. 4 - 7, 1989
Statement of responsibility, etc. edited by M. O. Mennessier and A. Omont
260 ## - PUBLICATION, DISTRIBUTION, ETC.
Place of publication, distribution, etc. France
Name of publisher, distributor, etc. Editions Frontiers
Date of publication, distribution, etc. 1990
300 ## - PHYSICAL DESCRIPTION
Extent Ixix, 565p.
650 ## - SUBJECT ADDED ENTRY--TOPICAL TERM
Topical term or geographic name entry element Astronomy and astrophysics thesaurus
650 ## - SUBJECT ADDED ENTRY--TOPICAL TERM
Topical term or geographic name entry element Orion nebulae
9 (RLIN) 1190
650 ## - SUBJECT ADDED ENTRY--TOPICAL TERM
Topical term or geographic name entry element Planetary nebulae
9 (RLIN) 5510
650 ## - SUBJECT ADDED ENTRY--TOPICAL TERM
Topical term or geographic name entry element Ring nebulae
9 (RLIN) 5511
650 ## - SUBJECT ADDED ENTRY--TOPICAL TERM
Topical term or geographic name entry element Stellar evolution
700 ## - ADDED ENTRY--PERSONAL NAME
Personal name Mennessier, M. O., ed.
9 (RLIN) 17154
700 ## - ADDED ENTRY--PERSONAL NAME
Personal name Omont, A., ed.
9 (RLIN) 17155
942 ## - ADDED ENTRY ELEMENTS (KOHA)
Koha item type Books
Holdings
Withdrawn status Lost status Damaged status Not for loan Home library Current library Shelving location Date acquired Total Checkouts Full call number Barcode Date last seen Price effective from Koha item type
        IIA Library-Bangalore IIA Library-Bangalore General Stacks 11/02/1991   524.37(082.2)/ FRO 11035 05/11/2021 11/02/1991 Books

Powered by Koha